000 00974cam a2200289 4500
008 090401t1994 xxu||||| |||| 00| 0 eng d
020 _a0273605585
035 _a(Sirsi) u49283
041 _aeng
050 _a658.562
100 _aMcGoldrick, Gerry
245 4 _aThe complete quality manual: a blueprint for producing your own quality system.
260 _aLondon
_bPitman
_c1994
300 _axvi,204p. ; 24cm.
350 _a27.5
520 _aExamines the steps needed to implement quality control. Provides detailed interpretation of BS5750/ISO9000 along with examples, together with advice on developing quality management systems and manuals.
650 _aBS 5750
650 _aISO9000
650 _aQUALITY ASSURANCE
650 _aQUALITY CONTROL
650 _aQUALITY MANUAL
650 _aTOTAL QUALITY MANAGEMENT
650 _aTOTAL QUALITY MANAGEMENT
690 _aOFFICE SERVICES AND ADMINISTRATION
942 _n0
948 _c04/03/1997
999 _c92543
_d92543